[Event "Brno Duras op-B"]
[Site "Brno"]
[Date "2014.07.01"]
[Round "4"]
[White "Dumek, Ales"]
[Black "Vemola, Simon"]
[Result "1-0"]
[WhiteElo "1339"]
[BlackElo "1315"]
[PlyCount "35"]
[EventDate "2014.06.28"]
[EventType "swiss"]
[EventRounds "9"]
[EventCountry "CZE"]
[SourceTitle "EXT 2017"]
[Source "ChessBase"]
[SourceDate "2016.10.25"]
[SourceVersion "1"]
[SourceVersionDate "2016.10.25"]
[SourceQuality "1"]

1. e4 e5 2. Nf3 Nc6 3. Bc4 Nf6 4. Ng5 d5 5. exd5 Nxd5 6. Nxf7 Kxf7 7. Qf3+ Ke6 8. Nc3 Ke7 9. Nxd5+ Ke8 10. Nb4 Qf6 11. Qxf6 gxf6 12. Nxc6 bxc6 13. Be2 Rg8 14. Bf3 f5 15. Bxc6+ Bd7 16. Bxa8 e4 17. g3 c6 18. d3 1-0